[Event "Grand Swiss "]
[Date "2025.09.14"]
[White "Bjerre, Jonas Buhl"]
[Black "Ivanchuk, Vasyl"]
[WhiteElo "2651"]
[BlackElo "2608"]
[Round "10.10.30"]
[Result "0-1"]

1. e4 {[%clk 01:40:46] [%emt 00:00:13]} e5 {[%clk 01:40:50] [%emt 00:00:11]} 2.
Nf3 {[%clk 01:41:09] [%emt 00:00:07]} Nc6 {[%clk 01:41:16] [%emt 00:00:04]} 3.
Bb5 {[%clk 01:41:31] [%emt 00:00:07]} a6 {[%clk 01:41:42] [%emt 00:00:06]} 4.
Ba4 {[%clk 01:41:56] [%emt 00:00:05]} Nf6 {[%clk 01:42:07] [%emt 00:00:05]} 5.
O-O {[%clk 01:42:08] [%emt 00:00:17]} Be7 {[%clk 01:42:32] [%emt 00:00:05]} 6.
Re1 {[%clk 01:42:02] [%emt 00:00:36]} b5 {[%clk 01:42:54] [%emt 00:00:09]} 7.
Bb3 {[%clk 01:42:27] [%emt 00:00:05]} d6 {[%clk 01:43:12] [%emt 00:00:11]} 8. a4
{[%clk 01:39:19] [%emt 00:03:39]} b4 {[%clk 01:39:41] [%emt 00:04:00]} 9. a5
{[%clk 01:35:22] [%emt 00:04:27]} O-O {[%clk 01:39:01] [%emt 00:01:11]} 10. d3
{[%clk 01:35:44] [%emt 00:00:08]} Rb8 {[%clk 01:35:14] [%emt 00:04:17]} 11. Nbd2
{[%clk 01:32:15] [%emt 00:04:00]} h6 {[%clk 01:31:49] [%emt 00:03:55]} 12. Nc4
{[%clk 01:23:45] [%emt 00:08:59]} Be6 {[%clk 01:31:46] [%emt 00:00:32]} 13. h3
{[%clk 01:12:55] [%emt 00:11:20]} Qc8 {[%clk 01:29:55] [%emt 00:02:21]} 14. Be3
{[%clk 01:09:50] [%emt 00:03:36]} Rd8 {[%clk 01:25:43] [%emt 00:04:42]} 15. Qe2
{[%clk 01:05:12] [%emt 00:05:09]} Bf8 {[%clk 01:18:45] [%emt 00:07:27]} 16. Nfd2
{[%clk 00:54:42] [%emt 00:11:01]} g6 {[%clk 01:13:49] [%emt 00:05:25]} 17. Ba4
{[%clk 00:50:40] [%emt 00:04:33]} Bd7 {[%clk 01:09:05] [%emt 00:05:13]} 18. c3
{[%clk 00:48:17] [%emt 00:02:54]} Bg7 {[%clk 01:08:48] [%emt 00:00:48]} 19. Rec1
{[%clk 00:45:38] [%emt 00:03:08]} bxc3 {[%clk 01:01:47] [%emt 00:07:31]} 20.
bxc3 {[%clk 00:45:31] [%emt 00:00:37]} Ne7 {[%clk 01:02:11] [%emt 00:00:05]} 21.
Bxd7 {[%clk 00:44:17] [%emt 00:01:44]} Qxd7 {[%clk 01:02:20] [%emt 00:00:21]}
22. d4 {[%clk 00:42:56] [%emt 00:01:52]} Qe6 {[%clk 00:52:51] [%emt 00:09:59]}
23. d5 {[%clk 00:40:44] [%emt 00:02:43]} Qd7 {[%clk 00:53:19] [%emt 00:00:01]}
24. Na3 {[%clk 00:33:58] [%emt 00:07:16]} c6 {[%clk 00:50:13] [%emt 00:03:35]}
25. c4 {[%clk 00:26:48] [%emt 00:07:40]} c5 {[%clk 00:45:57] [%emt 00:04:46]}
26. Qd1 {[%clk 00:26:02] [%emt 00:01:16]} Nh5 {[%clk 00:36:54] [%emt 00:09:33]}
27. Nc2 {[%clk 00:24:50] [%emt 00:01:43]} f5 {[%clk 00:36:10] [%emt 00:01:13]}
28. exf5 {[%clk 00:22:18] [%emt 00:03:03]} Nxf5 {[%clk 00:36:35] [%emt
00:00:04]} 29. Ne4 {[%clk 00:19:37] [%emt 00:03:11]} Nf6 {[%clk 00:36:22] [%emt
00:00:42]} 30. Qd3 {[%clk 00:18:10] [%emt 00:01:58]} Nxe4 {[%clk 00:28:52] [%emt
00:08:00]} 31. Qxe4 {[%clk 00:18:36] [%emt 00:00:04]} Rb3 {[%clk 00:29:17] [%emt
00:00:05]} 32. Rcb1 {[%clk 00:13:24] [%emt 00:05:43]} Rdb8 {[%clk 00:28:07]
[%emt 00:01:38]} 33. Rxb3 {[%clk 00:13:42] [%emt 00:00:14]} Rxb3 {[%clk
00:28:35] [%emt 00:00:01]} 34. g4 {[%clk 00:13:22] [%emt 00:00:49]} Nh4 {[%clk
00:26:01] [%emt 00:03:04]} 35. Ne1 {[%clk 00:12:31] [%emt 00:01:21]} Qf7 {[%clk
00:23:18] [%emt 00:03:13]} 36. Rb1 {[%clk 00:10:02] [%emt 00:03:01]} Ra3 {[%clk
00:23:46] [%emt 00:00:01]} 37. Kh2 {[%clk 00:04:05] [%emt 00:06:26]} Rxa5 {[%clk
00:16:52] [%emt 00:07:25]} 38. Rb8+ {[%clk 00:03:49] [%emt 00:00:46]} Bf8 {[%clk
00:13:44] [%emt 00:03:37]} 39. Qb1 {[%clk 00:02:41] [%emt 00:01:39]} g5 {[%clk
00:09:10] [%emt 00:05:04]} 40. Ng2 {[%clk 00:00:34] [%emt 00:02:38]} Nf3+ {[%clk
00:04:00] [%emt 00:05:40]} 41. Kg3 {[%clk 00:41:33] [%emt 00:09:30]} Ra3 {[%clk
00:39:28] [%emt 00:15:01]} 42. Qb2 {[%clk 00:26:50] [%emt 00:15:14]} Rd3 {[%clk
00:37:53] [%emt 00:02:05]} 43. Rb7 {[%clk 00:23:49] [%emt 00:03:31]} Qf6 {[%emt
00:04:59]} 44. Qa1 {[%clk 00:15:26] [%emt 00:04:24]} Nd4 {[%clk 00:12:56] [%emt
00:25:27]} 45. Ne1 {[%clk 00:13:14] [%emt 00:02:43]} Qf4+ {[%clk 00:13:15] [%emt
00:00:09]} 46. Kg2 {[%clk 00:13:33] [%emt 00:00:12]} Qe4+ {[%clk 00:12:50] [%emt
00:00:55]} 47. Kh2 {[%clk 00:12:33] [%emt 00:01:31]} Rxe3 {[%clk 00:12:28] [%emt
00:00:51]} 48. fxe3 {[%clk 00:12:58] [%emt 00:00:06]} Qxe3 {[%clk 00:12:54]
[%emt 00:00:04]} 49. Qb1 {[%clk 00:09:29] [%emt 00:04:00]} e4 {[%clk 00:11:43]
[%emt 00:01:40]} 50. Ng2 {[%clk 00:08:12] [%emt 00:01:47]} Qf2 {[%clk 00:09:14]
[%emt 00:02:58]} 51. Rb8 {[%clk 00:07:05] [%emt 00:01:39]} Nf3+ {[%clk 00:06:55]
[%emt 00:02:47]} 52. Kh1 {[%clk 00:07:06] [%emt 00:00:29]} Qg3 {[%clk 00:06:45]
[%emt 00:00:40]} 53. Rxf8+ {[%clk 00:06:50] [%emt 00:00:46]} Kxf8 {[%clk
00:07:08] [%emt 00:00:07]} 54. Qb8+ {[%clk 00:07:06] [%emt 00:00:14]} Kf7 {[%clk
00:06:09] [%emt 00:01:27]} 55. Qc7+ {[%clk 00:07:15] [%emt 00:00:24]} Kg6 {[%clk
00:06:08] [%emt 00:00:31]} 56. Nh4+ {[%clk 00:07:27] [%emt 00:00:18]} gxh4
{[%clk 00:06:05] [%emt 00:00:34]} 0-1

[Site "Europe Echecs"]

[Event "Grand Swiss "]
[Date "2025.09.14"]
[White "Dardha, Daniel"]
[Black "Kollars, Dmitrij"]
[WhiteElo "2624"]
[BlackElo "2647"]
[Round "10.10.31"]
[Result "1/2-1/2"]

1. Nf3 {[%clk 01:40:55] [%emt 00:00:05]} d5 {[%clk 01:40:51] [%emt 00:00:09]} 2.
b3 {[%clk 01:41:12] [%emt 00:00:12]} Bg4 {[%clk 01:40:51] [%emt 00:00:30]} 3.
Bb2 {[%clk 01:41:26] [%emt 00:00:17]} Bxf3 {[%clk 01:40:41] [%emt 00:00:40]} 4.
exf3 {[%clk 01:41:23] [%emt 00:00:34]} Nf6 {[%clk 01:40:50] [%emt 00:00:19]} 5.
f4 {[%clk 01:40:37] [%emt 00:01:17]} g6 {[%clk 01:40:36] [%emt 00:00:43]} 6. d4
{[%clk 01:35:16] [%emt 00:05:51]} Bg7 {[%clk 01:39:17] [%emt 00:01:50]} 7. Nd2
{[%clk 01:35:22] [%emt 00:00:24]} O-O {[%clk 01:35:49] [%emt 00:03:58]} 8. g3
{[%clk 01:31:57] [%emt 00:03:55]} Nbd7 {[%clk 01:27:53] [%emt 00:08:25]} 9. Bg2
{[%clk 01:31:31] [%emt 00:00:56]} a5 {[%clk 01:22:06] [%emt 00:06:18]} 10. c4
{[%clk 01:26:54] [%emt 00:05:07]} c6 {[%clk 01:16:00] [%emt 00:06:37]} 11. O-O
{[%clk 01:25:49] [%emt 00:01:32]} e6 {[%clk 01:12:41] [%emt 00:03:51]} 12. Nf3
{[%clk 01:16:09] [%emt 00:10:10]} a4 {[%clk 01:05:15] [%emt 00:07:56]} 13. Ne5
{[%clk 01:15:36] [%emt 00:01:03]} Qc7 {[%clk 01:02:46] [%emt 00:03:00]} 14. Qc2
{[%clk 01:12:54] [%emt 00:03:11]} Rfc8 {[%clk 00:56:48] [%emt 00:06:27]} 15. c5
{[%clk 01:11:43] [%emt 00:01:42]} axb3 {[%clk 00:56:01] [%emt 00:01:18]} 16.
axb3 {[%clk 01:12:07] [%emt 00:00:05]} Qd8 {[%clk 00:55:15] [%emt 00:01:14]} 17.
Ra4 {[%clk 01:03:19] [%emt 00:09:20]} Ne8 {[%clk 00:48:30] [%emt 00:07:16]} 18.
Rfa1 {[%clk 01:02:31] [%emt 00:01:18]} Nc7 {[%clk 00:47:53] [%emt 00:01:05]} 19.
Bf1 {[%clk 00:57:04] [%emt 00:05:58]} f6 {[%clk 00:45:36] [%emt 00:02:47]} 20.
Nf3 {[%clk 00:43:30] [%emt 00:14:04]} Qf8 {[%clk 00:40:08] [%emt 00:05:58]} 21.
h4 {[%clk 00:37:21] [%emt 00:06:40]} Re8 {[%clk 00:38:18] [%emt 00:02:20]} 22.
Bh3 {[%clk 00:27:35] [%emt 00:10:15]} Rab8 {[%clk 00:37:46] [%emt 00:01:02]} 23.
b4 {[%clk 00:27:37] [%emt 00:00:28]} Re7 {[%clk 00:35:23] [%emt 00:02:53]} 24.
Re1 {[%clk 00:26:30] [%emt 00:01:38]} Ra8 {[%clk 00:29:28] [%emt 00:06:25]} 25.
Ra5 {[%clk 00:25:30] [%emt 00:01:31]} Qe8 {[%clk 00:29:43] [%emt 00:00:14]} 26.
Rea1 {[%clk 00:24:30] [%emt 00:01:29]} Rxa5 {[%clk 00:27:00] [%emt 00:03:13]}
27. Rxa5 {[%clk 00:24:38] [%emt 00:00:23]} Nb8 {[%clk 00:21:55] [%emt 00:05:36]}
28. Bc3 {[%clk 00:23:38] [%emt 00:01:29]} Nba6 {[%clk 00:21:09] [%emt 00:01:15]}
29. Bf1 {[%clk 00:23:24] [%emt 00:00:45]} Nb5 {[%clk 00:18:33] [%emt 00:03:06]}
30. Bd2 {[%clk 00:18:01] [%emt 00:05:52]} Nac7 {[%clk 00:18:18] [%emt 00:00:45]}
31. Ra1 {[%clk 00:13:32] [%emt 00:05:00]} Qf7 {[%clk 00:16:27] [%emt 00:02:21]}
32. Re1 {[%clk 00:13:14] [%emt 00:00:48]} Re8 {[%clk 00:16:46] [%emt 00:00:11]}
33. Bd3 {[%clk 00:12:45] [%emt 00:00:59]} f5 {[%clk 00:13:20] [%emt 00:03:57]}
34. Qb2 {[%clk 00:09:09] [%emt 00:04:05]} Ra8 {[%clk 00:12:18] [%emt 00:01:32]}
35. Ne5 {[%clk 00:07:52] [%emt 00:01:48]} Qe8 {[%clk 00:12:14] [%emt 00:00:33]}
36. Ra1 {[%clk 00:05:30] [%emt 00:02:52]} 1/2-1/2

[Site "Europe Echecs"]

[Event "Grand Swiss "]
[Date "2025.09.14"]
[White "Lu, Shanglei"]
[Black "Henriquez Villagra, Cristobal"]
[WhiteElo "2647"]
[BlackElo "2594"]
[Round "10.10.32"]
[Result "1-0"]

1. e4 {[%clk 01:40:57] [%emt 00:00:02]} c5 {[%clk 01:40:55] [%emt 00:00:06]} 2.
Nf3 {[%clk 01:41:14] [%emt 00:00:13]} Nc6 {[%clk 01:41:20] [%emt 00:00:05]} 3.
d4 {[%clk 01:40:55] [%emt 00:00:49]} cxd4 {[%clk 01:41:44] [%emt 00:00:07]} 4.
Nxd4 {[%clk 01:41:22] [%emt 00:00:03]} Nf6 {[%clk 01:42:05] [%emt 00:00:08]} 5.
Nc3 {[%clk 01:41:48] [%emt 00:00:04]} d6 {[%clk 01:42:31] [%emt 00:00:05]} 6. f3
{[%clk 01:41:41] [%emt 00:00:36]} e5 {[%clk 01:42:08] [%emt 00:00:53]} 7. Nb3
{[%clk 01:42:02] [%emt 00:00:09]} Be6 {[%clk 01:39:38] [%emt 00:03:00]} 8. Nd5
{[%clk 01:42:22] [%emt 00:00:11]} Be7 {[%clk 01:39:57] [%emt 00:00:11]} 9. Be3
{[%clk 01:42:32] [%emt 00:00:19]} O-O {[%clk 01:39:58] [%emt 00:00:29]} 10. c3
{[%clk 01:42:59] [%emt 00:00:03]} Nb8 {[%clk 01:38:51] [%emt 00:01:37]} 11.
Nxe7+ {[%clk 01:21:28] [%emt 00:22:01]} Qxe7 {[%clk 01:38:40] [%emt 00:00:40]}
12. c4 {[%clk 01:21:55] [%emt 00:00:03]} Rc8 {[%clk 01:38:22] [%emt 00:00:48]}
13. Rc1 {[%clk 01:21:13] [%emt 00:01:12]} Rc7 {[%clk 01:38:42] [%emt 00:00:09]}
14. Qd2 {[%clk 01:15:03] [%emt 00:06:41]} Nbd7 {[%clk 01:18:48] [%emt 00:20:24]}
15. Be2 {[%clk 01:15:13] [%emt 00:00:20]} Rac8 {[%clk 01:16:24] [%emt 00:02:54]}
16. Qb4 {[%clk 01:14:59] [%emt 00:00:44]} b6 {[%clk 01:12:56] [%emt 00:03:59]}
17. O-O {[%clk 01:14:49] [%emt 00:00:40]} a5 {[%clk 01:10:11] [%emt 00:03:15]}
18. Qb5 {[%clk 01:12:54] [%emt 00:02:24]} Rc6 {[%clk 01:04:43] [%emt 00:05:58]}
19. Na1 {[%clk 01:02:32] [%emt 00:10:52]} Qd8 {[%clk 01:04:51] [%emt 00:00:22]}
20. Qa4 {[%clk 00:59:42] [%emt 00:03:21]} R8c7 {[%clk 00:56:10] [%emt 00:09:10]}
21. b3 {[%clk 00:56:52] [%emt 00:03:21]} Qc8 {[%clk 00:53:20] [%emt 00:03:19]}
22. Qa3 {[%clk 00:55:28] [%emt 00:01:53]} Nc5 {[%clk 00:52:23] [%emt 00:01:27]}
23. Rfd1 {[%clk 00:51:40] [%emt 00:04:19]} Ne8 {[%clk 00:45:12] [%emt 00:07:42]}
24. Nc2 {[%clk 00:46:53] [%emt 00:05:17]} Nd7 {[%clk 00:37:19] [%emt 00:08:22]}
25. Qb2 {[%clk 00:43:23] [%emt 00:04:00]} Nc5 {[%clk 00:33:04] [%emt 00:04:46]}
26. Na3 {[%clk 00:39:10] [%emt 00:04:42]} h6 {[%clk 00:32:40] [%emt 00:00:54]}
27. Nb5 {[%clk 00:39:15] [%emt 00:00:25]} Re7 {[%clk 00:32:53] [%emt 00:00:17]}
28. Rd2 {[%clk 00:37:48] [%emt 00:01:57]} f5 {[%clk 00:30:20] [%emt 00:03:03]}
29. exf5 {[%clk 00:36:17] [%emt 00:02:02]} Bxf5 {[%clk 00:30:46] [%emt
00:00:03]} 30. Rcd1 {[%clk 00:35:57] [%emt 00:00:50]} Qe6 {[%clk 00:30:53] [%emt
00:00:23]} 31. Qc3 {[%clk 00:35:30] [%emt 00:00:58]} Kh7 {[%clk 00:29:49] [%emt
00:01:34]} 32. h3 {[%clk 00:20:54] [%emt 00:15:06]} Bg6 {[%clk 00:29:44] [%emt
00:00:34]} 33. Bxc5 {[%clk 00:16:18] [%emt 00:05:06]} dxc5 {[%clk 00:29:50]
[%emt 00:00:23]} 34. Qe3 {[%clk 00:16:33] [%emt 00:00:16]} Qf7 {[%clk 00:26:09]
[%emt 00:04:11]} 35. Nc3 {[%clk 00:13:11] [%emt 00:03:52]} Nf6 {[%clk 00:24:20]
[%emt 00:02:19]} 36. g4 {[%clk 00:11:38] [%emt 00:02:03]} Re8 {[%clk 00:22:16]
[%emt 00:02:34]} 37. Rd6 {[%clk 00:10:47] [%emt 00:01:22]} Rxd6 {[%clk 00:08:46]
[%emt 00:14:00]} 38. Rxd6 {[%clk 00:11:12] [%emt 00:00:04]} Qe7 {[%clk 00:09:14]
[%emt 00:00:03]} 39. Rxb6 {[%clk 00:08:55] [%emt 00:02:48]} Rd8 {[%clk 00:06:50]
[%emt 00:02:53]} 40. Rc6 {[%clk 00:02:36] [%emt 00:06:50]} Rd4 {[%clk 00:02:57]
[%emt 00:04:23]} 41. Nb5 {[%clk 00:02:14] [%emt 00:00:52]} Nd7 {[%clk 00:44:52]
[%emt 00:08:35]} 42. Nxd4 {[%clk 00:42:01] [%emt 00:10:42]} cxd4 {[%clk
00:45:17] [%emt 00:00:05]} 43. Qd2 {[%clk 00:42:29] [%emt 00:00:02]} Nc5 {[%clk
00:43:28] [%emt 00:02:19]} 44. Qxa5 {[%clk 00:25:03] [%emt 00:17:57]} Qh4 {[%clk
00:41:12] [%emt 00:02:45]} 45. Rxg6 {[%clk 00:24:50] [%emt 00:00:43]} Kxg6
{[%clk 00:29:38] [%emt 00:12:04]} 46. Kg2 {[%clk 00:24:51] [%emt 00:00:29]} Qe7
{[%clk 00:27:17] [%emt 00:02:52]} 47. b4 {[%clk 00:12:55] [%emt 00:12:26]} Ne6
{[%clk 00:27:41] [%emt 00:00:06]} 48. Bd3+ {[%clk 00:12:58] [%emt 00:00:27]} Kf6
{[%clk 00:28:02] [%emt 00:00:08]} 49. Kf1 {[%clk 00:12:56] [%emt 00:00:32]} Nf4
{[%clk 00:26:59] [%emt 00:01:33]} 50. Be4 {[%clk 00:11:05] [%emt 00:02:21]} d3
{[%clk 00:15:43] [%emt 00:11:47]} 51. Ke1 {[%clk 00:10:27] [%emt 00:01:08]} Qd7
{[%clk 00:15:57] [%emt 00:00:14]} 52. Qb6+ {[%clk 00:04:22] [%emt 00:06:37]} Kg5
{[%clk 00:16:22] [%emt 00:00:05]} 53. Qb7 {[%clk 00:04:50] [%emt 00:00:02]} Qd6
{[%clk 00:11:03] [%emt 00:05:49]} 54. c5 {[%clk 00:05:06] [%emt 00:00:14]} Qe6
{[%clk 00:01:14] [%emt 00:10:18]} 55. Bf5 {[%clk 00:03:42] [%emt 00:01:54]} Qe8
{[%clk 00:00:35] [%emt 00:01:09]} 56. Qd7 {[%clk 00:03:33] [%emt 00:00:39]} Qf8
{[%clk 00:01:01] [%emt 00:00:04]} 57. Qd6 {[%clk 00:03:38] [%emt 00:00:25]} Qe8
{[%clk 00:01:10] [%emt 00:00:22]} 58. Qd7 {[%clk 00:02:20] [%emt 00:01:48]} Qf8
{[%clk 00:01:31] [%emt 00:00:09]} 59. Qd6 {[%clk 00:02:27] [%emt 00:00:22]} Qe8
{[%clk 00:01:59] [%emt 00:00:01]} 60. Bxd3 {[%clk 00:02:13] [%emt 00:00:45]} Kh4
{[%clk 00:02:00] [%emt 00:00:29]} 61. Bc4 {[%clk 00:01:04] [%emt 00:01:39]} Kg3
{[%clk 00:15:13] [%emt 00:02:17]} 62. Qd2 {[%clk 00:12:57] [%emt 00:03:37]} Kxf3
{[%clk 00:15:13] [%emt 00:00:30]} 63. Qf2+ {[%clk 00:13:08] [%emt 00:00:19]} Ke4
{[%clk 00:15:38] [%emt 00:00:05]} 64. Kd2 {[%clk 00:13:36] [%emt 00:00:02]} Qd7+
{[%clk 00:15:14] [%emt 00:00:54]} 65. Kc3 {[%clk 00:13:38] [%emt 00:00:28]} 1-0

[Site "Europe Echecs"]

[Event "Grand Swiss "]
[Date "2025.09.14"]
[White "Kuzubov, Yuriy"]
[Black "Rodshtein, Maxim"]
[WhiteElo "2600"]
[BlackElo "2645"]
[Round "10.10.33"]
[Result "0-1"]

1. d4 {[%clk 01:40:56] [%emt 00:00:03]} Nf6 {[%clk 01:40:54] [%emt 00:00:07]} 2.
Nf3 {[%clk 01:41:18] [%emt 00:00:08]} e6 {[%clk 01:40:27] [%emt 00:00:56]} 3.
Bf4 {[%clk 01:39:57] [%emt 00:01:51]} b6 {[%clk 01:38:30] [%emt 00:02:29]} 4. e3
{[%clk 01:38:36] [%emt 00:01:50]} Be7 {[%clk 01:38:41] [%emt 00:00:20]} 5. c4
{[%clk 01:37:29] [%emt 00:01:36]} Bb7 {[%clk 01:37:59] [%emt 00:01:13]} 6. Nc3
{[%clk 01:36:53] [%emt 00:01:05]} Nh5 {[%clk 01:35:30] [%emt 00:02:59]} 7. Bg3
{[%clk 01:36:44] [%emt 00:00:38]} O-O {[%clk 01:27:17] [%emt 00:08:43]} 8. d5
{[%clk 01:03:38] [%emt 00:33:37]} c6 {[%clk 01:01:49] [%emt 00:25:59]} 9. a3
{[%clk 00:39:55] [%emt 00:24:13]} cxd5 {[%clk 01:00:15] [%emt 00:02:04]} 10.
cxd5 {[%clk 00:39:17] [%emt 00:01:08]} Na6 {[%clk 00:48:23] [%emt 00:12:21]} 11.
Nd4 {[%clk 00:26:22] [%emt 00:13:25]} g6 {[%clk 00:44:15] [%emt 00:04:38]} 12.
Be5 {[%clk 00:19:11] [%emt 00:07:41]} Bf6 {[%clk 00:28:54] [%emt 00:15:51]} 13.
Bd6 {[%clk 00:17:05] [%emt 00:02:36]} Re8 {[%clk 00:28:44] [%emt 00:00:40]} 14.
Be2 {[%clk 00:07:11] [%emt 00:10:23]} Ng7 {[%clk 00:27:38] [%emt 00:01:37]} 15.
O-O {[%clk 00:07:14] [%emt 00:00:27]} Bxd4 {[%clk 00:14:24] [%emt 00:13:45]} 16.
exd4 {[%clk 00:07:40] [%emt 00:00:04]} Nf5 {[%clk 00:13:51] [%emt 00:01:03]} 17.
Bf4 {[%clk 00:07:16] [%emt 00:00:53]} Nc7 {[%clk 00:12:30] [%emt 00:01:52]} 18.
g4 {[%clk 00:03:08] [%emt 00:04:37]} Ng7 {[%clk 00:06:17] [%emt 00:06:43]} 19.
d6 {[%clk 00:03:07] [%emt 00:00:31]} Nd5 {[%clk 00:06:42] [%emt 00:00:05]} 20.
Nxd5 {[%clk 00:02:11] [%emt 00:01:27]} Bxd5 {[%clk 00:07:07] [%emt 00:00:05]}
21. Rc1 {[%clk 00:02:03] [%emt 00:00:38]} h5 {[%clk 00:05:18] [%emt 00:02:19]}
22. f3 {[%clk 00:01:19] [%emt 00:01:13]} g5 {[%clk 00:03:38] [%emt 00:02:11]}
23. Bg3 {[%clk 00:00:56] [%emt 00:00:53]} h4 {[%clk 00:02:16] [%emt 00:01:52]}
24. Bf2 {[%clk 00:00:38] [%emt 00:00:48]} Qf6 {[%clk 00:02:40] [%emt 00:00:06]}
25. Qd2 {[%clk 00:00:38] [%emt 00:00:30]} e5 {[%clk 00:02:14] [%emt 00:00:56]}
26. dxe5 {[%clk 00:00:37] [%emt 00:00:32]} Rxe5 {[%clk 00:02:15] [%emt
00:00:28]} 27. Bd1 {[%clk 00:00:40] [%emt 00:00:27]} Ne6 {[%clk 00:01:45] [%emt
00:01:01]} 28. Rc3 {[%clk 00:00:43] [%emt 00:00:27]} Re8 {[%clk 00:01:41] [%emt
00:00:33]} 29. Be3 {[%clk 00:00:39] [%emt 00:00:34]} Bc6 {[%clk 00:01:25] [%emt
00:00:47]} 30. Bc2 {[%clk 00:00:34] [%emt 00:00:35]} Nf4 {[%clk 00:01:21] [%emt
00:00:33]} 31. Bxf4 {[%clk 00:00:41] [%emt 00:00:23]} gxf4 {[%clk 00:00:40]
[%emt 00:01:11]} 32. Qd3 {[%clk 00:00:34] [%emt 00:00:38]} Kf8 {[%clk 00:00:32]
[%emt 00:00:38]} 33. Qd4 {[%clk 00:00:37] [%emt 00:00:26]} h3 {[%clk 00:00:39]
[%emt 00:00:23]} 34. Be4 {[%clk 00:00:33] [%emt 00:00:34]} R8e6 {[%clk 00:00:32]
[%emt 00:00:37]} 35. Bxc6 {[%clk 00:00:34] [%emt 00:00:30]} Rxd6 {[%clk
00:00:51] [%emt 00:00:10]} 36. Qb4 {[%clk 00:00:37] [%emt 00:00:27]} a5 {[%clk
00:01:04] [%emt 00:00:17]} 37. Qxb6 {[%clk 00:00:38] [%emt 00:00:30]} dxc6
{[%clk 00:01:26] [%emt 00:00:08]} 38. Rc2 {[%clk 00:00:35] [%emt 00:00:33]} Kg7
{[%clk 00:01:14] [%emt 00:00:42]} 39. Qf2 {[%clk 00:00:35] [%emt 00:00:30]} Re3
{[%clk 00:01:28] [%emt 00:00:16]} 40. Rc5 {[%clk 00:00:35] [%emt 00:00:30]} Rdd3
{[%clk 00:01:06] [%emt 00:00:52]} 41. Kh1 {[%clk 00:24:00] [%emt 00:27:04]} Rxf3
{[%clk 00:45:28] [%emt 00:06:09]} 42. Qxf3 {[%clk 00:24:01] [%emt 00:00:29]}
Rxf3 {[%clk 00:45:51] [%emt 00:00:07]} 43. Rxf3 {[%clk 00:24:18] [%emt
00:00:13]} Qe7 {[%clk 00:43:18] [%emt 00:03:03]} 44. Rc1 {[%clk 00:24:35] [%emt
00:00:13]} Qe2 {[%clk 00:43:32] [%emt 00:00:16]} 45. Rxh3 {[%clk 00:24:58] [%emt
00:00:07]} f3 {[%clk 00:43:55] [%emt 00:00:07]} 0-1

[Site "Europe Echecs"]